00518nam a2200193 a 4500001001300000003000900013005001700022008004100039020002300080082002100103100001600124245004600140260004500186300000900231500003500240505001000275650002300285700001600308nice12345678IN_TiNIC20260116013854.0050524s1993 newa grp 000 0 eng  a8121203 c27500a306.0899145bGAN aGangte, T S aKukis of Manipurb a Historical Analysis. aNew Delhi bGyan Publishing House c1993 a235p aincludes index and biblioraphy2 aIndex aTribes-India-Kukis1 aGangte, T S